Bài tập Sinh học 10 nâng cao

Bài tập Sinh học 10 nâng cao cung cấp những kiến thức cơ bản, về kĩ năng tư duy sáng tạo và áp dụng kiến thức vào thực tiễn. Sách gồm có 3 phần chính: giới thiệu chung về thế giới sống, sinh học tế bào và sinh học vi sinh vật....

Descrizione completa

Salvato in:
Dettagli Bibliografici
Autore principale: Nguyễn, Như Hiền
Natura: Libro
Lingua:Undetermined
Pubblicazione: Hà Nội Giáo dục 2009
Soggetti:
Tags: Aggiungi Tag
Nessun Tag, puoi essere il primo ad aggiungerne! !
Thư viện lưu trữ: Trung tâm Học liệu Trường Đại học Cần Thơ
LEADER 01014nam a2200217Ia 4500
001 CTU_157683
008 210402s9999 xx 000 0 und d
020 |c 8400 
082 |a 570.76 
082 |b H305/L.10 
100 |a Nguyễn, Như Hiền 
245 0 |a Bài tập Sinh học 10 nâng cao 
245 0 |c Nguyễn Như Hiền chủ biên, Dương Minh Lam 
260 |a Hà Nội 
260 |b Giáo dục 
260 |c 2009 
520 |a Bài tập Sinh học 10 nâng cao cung cấp những kiến thức cơ bản, về kĩ năng tư duy sáng tạo và áp dụng kiến thức vào thực tiễn. Sách gồm có 3 phần chính: giới thiệu chung về thế giới sống, sinh học tế bào và sinh học vi sinh vật. 
650 |a Biology 
650 |x Study and teaching 
904 |i Bạch Trúc (Tuyến sửa số pl 570.712 thành 570.76) 
980 |a Trung tâm Học liệu Trường Đại học Cần Thơ